Sports Quiz

Random Sports or Baseball Quiz

Boston Red Sox 2010 Stat Leaders Quiz Stats

 Plays Quiz not verified by Sporcle

Challenge
Share
Tweet
Embed
Score 0/20 Timer 10:00
0 Plays Today
% Correct
David Ortiz
93.8%
David Ortiz
90.6%
Jon Lester
87.5%
Jon Lester
87.5%
Adrian Beltre
81.3%
Adrian Beltre
81.3%
Adrian Beltre
71.9%
Adrian Beltre
71.9%
John Lackey
68.8%
John Lackey
68.8%
% Correct
John Lackey
68.8%
Clay Buchholz
65.6%
Jonathan Papelbon
65.6%
Clay Buchholz
62.5%
Daniel Bard
56.3%
Daniel Bard
56.3%
Marco Scutaro
43.8%
Kevin Youkilis
43.8%
Adrian Beltre
43.8%
Ryan Kalish
28.1%

You're not logged in!

Compare scores with friends on all Sporcle quizzes.
Join for Free
OR
Log In

You Might Also Like...

Show Comments

Extras

Top Quizzes Today


Score Distribution

Your Account Isn't Verified!

In order to create a playlist on Sporcle, you need to verify the email address you used during registration. Go to your Sporcle Settings to finish the process.

Report this User

Report this user for behavior that violates our Community Guidelines.

Details: